Dlhodobý nehmotný majetok

Gespeichert in:
Bibliographische Detailangaben
1. Verfasser: Szász, Marek
Format: Buchkapitel
Sprache:Slowakisch
Tags: Tag hinzufügen
Keine Tags, Fügen Sie das erste Tag hinzu!

MARC

LEADER 00000naa$a2200000$$$4500
001 0063227
005 20240502071727.0
041 0 |a slo 
044 |a SK 
245 1 0 |a Dlhodobý nehmotný majetok  |c Marek Szász 
100 1 |a Szász, Marek